=LDR 00000nam 2200000 4500 =001 INLIS000000000003719 =005 20130612092024 =008 ***********************************Ind** =035 ##$$0010-061300000003719 =041 ##$$a Ind =082 ##$$a 610.72 =100 ##$$a10.72, Pra d =245 ##$$a Pratiknya, Ahmad Watik =260 ##$$a Dasar-dasar metodologi penelitian kedokteran dan kesehatan, dr.Ahmad watik Pratiknya =300 ##$$a 1993 $b Jakarta =650 ##$$a xii, 274 hlm., 24 cm =650 ##$$a Kedokteran =850 ##$$a Penelitian